The robbery June epstein

Bibliographic Details
Main Author: Ranjit singh
Corporate Author: Title
Format: Book
Published: Selangor : Bright Publication , 2003
Series:Bright readers
Subjects:

MARC

LEADER 00000cam a2200000 7i4500
001 0000001929
005 20151222.0
008 070709
020 |a 9832400686 
090 0 0 |a JF   |b ENG (2243) 
100 1 |a Ranjit singh 
245 1 4 |a The robbery June epstein   |c Ranjit singh 
260 |a Selangor :   |b Bright Publication ,   |c 2003 
440 0 |a Bright readers 
500 |a Children ages 7-9 years old (orange) 
650 0 |a Children's stories, English 
710 0 |a Title 
999 |a 0000008273   |b Book   |c Children Collection   |e Cawangan Taman Universiti 
999 |a 0000008274   |b Book   |c Children Collection   |e Cawangan Taman Universiti 
999 |a 0000008275   |b Book   |c Children Collection   |e Cawangan Taman Universiti 
999 |a 0000965222   |b Book   |c Children Collection   |e Perbadanan Perpustakaan Awam Johor 
999 |a 0000965225   |b Book   |c Children Collection   |e Cawangan Sri Merlong 
999 |a 0000965226   |b Book   |c Children Collection   |e Perbadanan Perpustakaan Awam Johor